Pollen morphology of Sonneratiaceae (Record no. 80401)

MARC details
000 -LEADER
fixed length control field 01068cam a22002891 4500
001 - CONTROL NUMBER
control field sa 68004861
003 - CONTROL NUMBER IDENTIFIER
control field DLC
005 - DATE AND TIME OF LATEST TRANSACTION
control field 20260227112504.0
008 - FIXED-LENGTH DATA ELEMENTS--GENERAL INFORMATION
fixed length control field 711216s1966 ii a b 00010 eng
010 ## - LIBRARY OF CONGRESS CONTROL NUMBER
LC control number sa 68004861 //r852
025 ## - OVERSEAS ACQUISITION NUMBER
Overseas acquisition number PL480:I-F-Fr-1
041 0# - LANGUAGE CODE
Language code of text/sound track or separate title eng
Language code of summary or abstract fre
050 0# - LIBRARY OF CONGRESS CALL NUMBER
Classification number Q2
Item number .I485 t. 5, fasc. 3
082 ## - DEWEY DECIMAL CLASSIFICATION NUMBER
Classification number 583/.44
100 10 - MAIN ENTRY--PERSONAL NAME
Personal name Thanikaimoni, G.
245 10 - TITLE STATEMENT
Title Pollen morphology of Sonneratiaceae
Statement of responsibility, etc. [by] G. Thanikaimoni and D. M. A. Jayaweera.
260 0# - PUBLICATION, DISTRIBUTION, ETC.
Place of publication, distribution, etc. Pondichéry,
Name of publisher, distributor, etc. Imprimerie de la Mission,
Date of publication, distribution, etc. 1966.
300 ## - PHYSICAL DESCRIPTION
Extent 12, 4 p.
Other physical details illus.
Dimensions 25 cm.
490 1# - SERIES STATEMENT
Series statement Institut français de Pondichéry. Travaux de la section scientifique et technique, t. 5, fasc. 3
501 ## - WITH NOTE
With note Bound with the author's Contribution à l'étude palynologique des palmiers. Pondichéry, 1966.
500 ## - GENERAL NOTE
General note "Avec résumé français."
504 ## - BIBLIOGRAPHY, ETC. NOTE
Bibliography, etc. note Bibliography: p. [11]-12.
650 #0 - SUBJECT ADDED ENTRY--TOPICAL TERM
Topical term or geographic name entry element Sonneratiaceae.
650 #0 - SUBJECT ADDED ENTRY--TOPICAL TERM
Topical term or geographic name entry element Polynotaxonomy.
700 10 - ADDED ENTRY--PERSONAL NAME
Personal name Jayaweera, D. M. A.,
Relator term joint author.
830 #0 - SERIES ADDED ENTRY--UNIFORM TITLE
Uniform title Travaux de la Section scientifique et technique ;
Volume/sequential designation t. 5.

No items available.

Powered by Koha